LIBRARY & INFORMATION CENTRE, KCAET, TAVANUR

ONLINE PUBLIC ACCESS CATALOGUE (OPAC)

Irrigation : Theory and Practice / (Record no. 14828)

MARC details
000 -LEADER
fixed length control field 00345cam a2200133ua 4500
020 ## - INTERNATIONAL STANDARD BOOK NUMBER
ISBN 9788125918677
082 ## - DEWEY DECIMAL CLASSIFICATION NUMBER
Classification number 631.587
Item number MIC/IR
100 ## - MAIN ENTRY--AUTHOR NAME
Personal name Michael, A.M.
245 ## - TITLE STATEMENT
Title Irrigation : Theory and Practice /
250 ## - EDITION STATEMENT
Edition statement 2 rev. enlarged
260 ## - PUBLICATION, DISTRIBUTION, ETC. (IMPRINT)
Place of publication Noida:
Name of publisher Vikas Publishing House Pvt Ltd ,
Year of publication 2015
300 ## - PHYSICAL DESCRIPTION
Number of Pages 768p ; .
942 ## - ADDED ENTRY ELEMENTS (KOHA)
Koha item type Books
Holdings
Withdrawn status Lost status Damaged status Collection code Home library Current library Shelving location Date acquired Source of acquisition Cost, normal purchase price Full call number Accession Number Koha item type
        KAUAET KAUAET General Stacks 30/03/2017 Penta Book Distributors 675.00 631.587 MIC/IR 25544 Books
        KAUAET KAUAET General Stacks 30/03/2017 Penta Book Distributors 675.00 631.587 MIC/IR 25545 Books
        KAUAET KAUAET General Stacks 30/03/2017 Aman Books 675.00 631.587 MIC/IR 25489 Books
        KAUAET KAUAET General Stacks 30/03/2017 Aman Books 675.00 631.587 MIC/IR 25490 Books
        KAUAET KAUAET General Stacks 30/03/2017 Aman Books 675.00 631.587 MIC/IR 25491 Books
        KAUAET KAUAET General Stacks 30/03/2017 Aman Books 675.00 631.587 MIC/IR 25492 Books
        KAUAET KAUAET General Stacks 30/03/2017 Aman Books 675.00 631.587 MIC/IR 25493 Books
        KAUAET KAUAET General Stacks 30/03/2017 Aman Books 675.00 631.587 MIC/IR 25494 Books
      Non-fiction KAUAET KAUAET General Stacks 27/05/2019   675.00 631.587 MIC/IR 25940 Books
      Non-fiction KAUAET KAUAET General Stacks 27/05/2019   675.00 631.587 MIC/IR 25941 Books
free website counter